MARC details
| 000 -LEADER |
| campo de control de longitud fija |
01650cam a2200481Ia 4500 |
| 001 - NÚMERO DE CONTROL |
| campo de control |
72729 |
| 005 - FECHA Y HORA DE LA ÚLTIMA TRANSACCIÓN |
| campo de control |
20230410105325.0 |
| 008 - DATOS DE LONGITUD FIJA--INFORMACIÓN GENERAL |
| campo de control de longitud fija |
040831s2004 fr b 000 0 fre d |
| 035 ## - NÚMERO DE CONTROL DEL SISTEMA |
| Número de control de sistema |
(OCoLC)ocm56394490 |
| 040 ## - FUENTE DE CATALOGACIÓN |
| Centro catalogador/agencia de origen |
UAB |
| Lengua de catalogación |
fre |
| Centro/agencia transcriptor |
UAB |
| Centro/agencia modificador |
OCLCQ |
| -- |
UQ1 |
| -- |
TZT |
| -- |
RUQBL |
| -- |
BDF |
| 020 ## - NÚMERO INTERNACIONAL ESTÁNDAR DEL LIBRO |
| Número Internacional Estándar del Libro |
2707141100 |
| 020 ## - NÚMERO INTERNACIONAL ESTÁNDAR DEL LIBRO |
| Número Internacional Estándar del Libro |
9782707141101 |
| 029 1# - OTRO NÚMERO DE CONTROL DE SISTEMA (OCLC) |
| Identificador de la biblioteca OCLC |
TZT |
| Número de control de sistema |
JTL00237361 |
| 029 1# - OTRO NÚMERO DE CONTROL DE SISTEMA (OCLC) |
| Identificador de la biblioteca OCLC |
ZWZ |
| Número de control de sistema |
077307747 |
| 035 ## - NÚMERO DE CONTROL DEL SISTEMA |
| Número de control de sistema |
(OCoLC)56394490 |
| 050 14 - SIGNATURA TOPOGRÁFICA DE LA BIBLIOTECA DEL CONGRESO |
| Número de clasificación |
H 8 |
| Número de ítem |
C697 |
| 055 #4 - NÚMEROS DE CLASIFICACIÓN ASIGNADOS EN CANADÁ |
| Número de clasificación |
BD 450 B456 2004 F |
| 082 14 - NÚMERO DE LA CLASIFICACIÓN DECIMAL DEWEY |
| Número de clasificación |
199 |
| Número de edición |
1 |
| 100 1# - ENTRADA PRINCIPAL--NOMBRE DE PERSONA |
| Nombre de persona |
Benasayag, Miguel. |
| 245 13 - MENCIÓN DEL TÍTULO |
| Título |
Le mythe de l'individu / |
| Mención de responsabilidad, etc. |
Miguel Benasayag ; traduit et adapté de l'espagnol (argentin) par Anne Weinfeld. |
| 260 ## - PUBLICACIÓN, DISTRIBUCIÓN, ETC. |
| Lugar de publicación, distribución, etc. |
Paris : |
| Nombre del editor, distribuidor, etc. |
La Découverte, |
| Fecha de publicación, distribución, etc. |
c2004. |
| 300 ## - DESCRIPCIÓN FÍSICA |
| Extensión |
176 p. ; |
| Dimensiones |
19 cm. |
| 490 1# - MENCIÓN DE SERIE |
| Mención de serie |
Collection Découverte Poche. |
| Designación de volumen o secuencia |
n . 168 |
| 500 ## - NOTA GENERAL |
| Nota general |
Publié précédemment en 1998 aux éditions La Découverte dans la collection "Armillaire." |
| 504 ## - NOTA DE BIBLIOGRAFÍA, ETC. |
| Nota de bibliografía, etc. |
Comprend des réf. bibliogr. |
| 650 #6 - PUNTO DE ACCESO ADICIONAL DE MATERIA--TÉRMINO DE MATERIA |
| Término de materia o nombre geográfico como elemento de entrada |
Individu (Philosophie) |
| 650 #6 - PUNTO DE ACCESO ADICIONAL DE MATERIA--TÉRMINO DE MATERIA |
| Término de materia o nombre geográfico como elemento de entrada |
Anthropologie philosophique. |
| 650 #6 - PUNTO DE ACCESO ADICIONAL DE MATERIA--TÉRMINO DE MATERIA |
| Término de materia o nombre geográfico como elemento de entrada |
Individu et société. |
| 650 #6 - PUNTO DE ACCESO ADICIONAL DE MATERIA--TÉRMINO DE MATERIA |
| Término de materia o nombre geográfico como elemento de entrada |
Personne (Philosophie) |
| 650 #7 - PUNTO DE ACCESO ADICIONAL DE MATERIA--TÉRMINO DE MATERIA |
| Término de materia o nombre geográfico como elemento de entrada |
Individu |
| Fuente del encabezamiento o término |
rasuqam |
| 650 #7 - PUNTO DE ACCESO ADICIONAL DE MATERIA--TÉRMINO DE MATERIA |
| Término de materia o nombre geográfico como elemento de entrada |
Individualisme |
| Fuente del encabezamiento o término |
rasuqam |
| 650 #7 - PUNTO DE ACCESO ADICIONAL DE MATERIA--TÉRMINO DE MATERIA |
| Término de materia o nombre geográfico como elemento de entrada |
Philosophie |
| Fuente del encabezamiento o término |
rasuqam |
| 650 #7 - PUNTO DE ACCESO ADICIONAL DE MATERIA--TÉRMINO DE MATERIA |
| Término de materia o nombre geográfico como elemento de entrada |
Société |
| Fuente del encabezamiento o término |
rasuqam |
| 650 #7 - PUNTO DE ACCESO ADICIONAL DE MATERIA--TÉRMINO DE MATERIA |
| Término de materia o nombre geográfico como elemento de entrada |
Individu (philosophie) |
| Fuente del encabezamiento o término |
ram |
| 650 #7 - PUNTO DE ACCESO ADICIONAL DE MATERIA--TÉRMINO DE MATERIA |
| Término de materia o nombre geográfico como elemento de entrada |
Individu et société. |
| Fuente del encabezamiento o término |
ram |
| 650 #7 - PUNTO DE ACCESO ADICIONAL DE MATERIA--TÉRMINO DE MATERIA |
| Término de materia o nombre geográfico como elemento de entrada |
Individualisme. |
| Fuente del encabezamiento o término |
ram |
| 730 0# - ASIENTO SECUNDARIO--TITULO UNIFORME |
| Título uniforme |
Collection Découverte Poche. |
| 830 #0 - PUNTO DE ACCESO ADICIONAL DE SERIE-TÍTULO UNIFORME |
| Título uniforme |
Collection Découverte Poche / Sciences humaines et sociales ; |
| Designación de volumen o secuencia |
n . 168 |
| 938 ## - |
| -- |
Jean Touzot Libraire Editeur |
| -- |
TOUZ |
| -- |
JTL00237361 |
| -- |
8,50 EUR |
| 942 ## - ELEMENTOS DE ENTRADA SECUNDARIOS (KOHA) |
| Fuente del sistema de clasificación o colocación |
Clasificación de Library of Congress |
| Tipo de ítem Koha |
|
| 946 ## - PROCESAMIENTO DE INFORMACIÓN LOCAL (OCLC) |
| a |
mjcruz |
| 994 ## - |
| -- |
C0 |
| -- |
DRFGD |